Vista normal Vista MARC

Entrada Geographic Name

Número de registros utilizados en: 2

001 - CONTROL NUMBER

  • control field: 37984

003 - CONTROL NUMBER IDENTIFIER

  • control field: OSt

005 - DATE AND TIME OF LATEST TRANSACTION

  • control field: 20210527140857.0

008 - FIXED-LENGTH DATA ELEMENTS

  • fixed length control field: 210527|| aca||aabn | a|a d

040 ## - CATALOGING SOURCE

  • Original cataloging agency: OSt
  • Transcribing agency: OSt

151 ## - HEADING--GEOGRAPHIC NAME

  • Geographic name: Colombia
  • General subdivision: Condiciones socioeconómicas

670 ## - SOURCE DATA FOUND

  • Source citation: Work cat.: (OSt)7920: Posada Cuéllar, Hernando, 15822 autor, El catastro nacional / , 1941